| 000 | 01384cam a2200361 a 4500 | ||
|---|---|---|---|
| 001 | 15981661 | ||
| 005 | 20100219130449.0 | ||
| 008 | 091112s2009 enk b 001 0 eng | ||
| 010 | _a 2009279545 | ||
| 015 |
_aGBA959978 _2bnb |
||
| 016 | 7 |
_a015292277 _2Uk |
|
| 020 | _a184277896X (hbk.) | ||
| 020 | _a9781842778968 (hbk.) | ||
| 020 | _a1842778978 (pbk.) | ||
| 020 | _a9781842778975 (pbk.) | ||
| 035 | _a(OCoLC)ocn317926813 | ||
| 040 |
_aUKM _cUKM _dBTCTA _dYDXCP _dBWKUK _dBWK _dDLC |
||
| 042 | _alccopycat | ||
| 050 | 0 | 0 |
_aJQ1758.A58 _bA34 2009 |
| 082 | 0 | 4 |
_a320.956 _222 _bAKH |
| 100 | 1 |
_aAkhavi, Shahrough, _d1940- _911751 |
|
| 245 | 1 | 4 |
_aThe Middle East : _bthe politics of the sacred and secular / _cShahrough Akhavi. |
| 260 |
_aLondon ; _aNew York : _bZed ; _aNew York : _bDistributed in the USA by Palgrave Macmillan, _cc.2009. |
||
| 300 |
_aviii, 291 p. ; _c23 cm. |
||
| 440 | 0 |
_aWorld political theories _911752 |
|
| 500 | _aIncludes Index. | ||
| 504 | _aIncludes bibliographical references and index. | ||
| 650 | 0 |
_aIslam and state _zMiddle East. _911753 |
|
| 651 | 0 |
_aMiddle East _xPolitics and government. _911754 |
|
| 942 |
_2ddc _cBB |
||
| 999 |
_c13479 _d13479 |
||